000 01188nam a2200313 4500
003 OSt
005 20260601193401.0
008 260505b1967 enka|||| |||| 00| 0 eng d
040 _aICI
_bspa
_cICI
041 _aeng
050 _aNK1520
_bM53 1967
100 1 _aMiddleton, Michael.
_eautor
_934969
245 1 _aGroup practice in design /
_cMichael Middleton ; notas Misha Black
264 _aLondon :
_bThe Architectural Press,
_c1967
300 _a303 páginas :
_bilustraciones
336 _atexto
_2rdacontent
337 _asin medio
_2rdamedia
338 _avolumen
_2rdacarrier
500 _aLibro histórico del Diseño Británico
520 _aEstudio sobre la práctica del diseño en grupo, enfocado en la colaboración, organización del trabajo y procesos creativos colectivos.
650 _aDiseño,
_xTrabajo en grupo.
_934970
650 _aDiseño industrial
_xPráctica profesional.
_934971
650 _aEquipos de trabajo,
_xDiseño.
_934972
650 _aDiseño,
_xMétoodos de trabajo.
_934973
650 _aCreatividad Colectiva.
_934974
650 _aOrganización del trabajo.
_934975
700 _aBlack, Misha,
_ecolaborador
_934976
942 _2lcc
_cB
_n1
999 _c20988
_d20988